CSR reporting in Slovakia

Salvato in:
Dettagli Bibliografici
Autore principale: Pakšiová, Renáta, 1974-
Natura: Capitolo di libro
Lingua:inglese
Soggetti:
Tags: Aggiungi Tag
Nessun Tag, puoi essere il primo ad aggiungerne!!

MARC

LEADER 00000naa$a2200000$$$4500
001 0217061
005 20250609091627.7
041 0 |a eng 
044 |a CZ 
245 1 0 |a CSR reporting in Slovakia  |c Renáta Pakšiová 
610 2 0 |a rozvoj trvalo udržateľný 
610 2 0 |a podnikanie zodpovedné 
610 2 0 |a zodpovednosť spoločenská 
610 2 0 |a reporting 
610 2 0 |a Slovensko 
610 2 0 |a Európska únia 
100 1 |a Pakšiová, Renáta, 1974-